| 000 | 00575nam a2200217 a 4500 | ||
|---|---|---|---|
| 001 | 1256 | ||
| 003 | CDMR | ||
| 005 | 20131204110916.0 | ||
| 008 | 130130s2003||||||||||||||||||||||||||||d | ||
| 020 | _a8425219159 | ||
| 040 |
_aCDMR _bcat _cCDMR |
||
| 245 | 0 | 0 |
_aEstética fotográfica _cJoan Fontcuberta (ed.) |
| 260 |
_aBarcelona _c2003 _bGustavo Gili |
||
| 300 | _a288 p. | ||
| 490 | 0 | _aFotoGGrafia | |
| 650 | 0 | 4 |
_94210 _aFotografia _xFilosofia |
| 650 | 0 | 4 |
_93144 _aFotografia _xHistòria |
| 650 | 0 | 4 |
_93628 _aAssaig |
| 700 | 1 |
_9977 _aFontcuberta, Joan _eed. |
|
| 942 |
_cMON _2ddc |
||
| 999 |
_c1256 _d1256 |
||